Nirvana Songs - Sudden Death - Statistics

General Stats
  • This quiz has been taken 41 times
    26 since last reset
  • The average score is 15 of 16
Answers on the Grid
Answers color-coded by a green-red scale on the quiz's grid according to % correct below.
Something in the Way
About a Girl
Come As You Are
Kickapoo
Child in Time
Heart-Shaped Box
Under My Wheels
No Son of Mine
In Bloom
Mr. Crowley
Would?
Sliver
Lithium
Breed
Scentless Apprentice
On a Plain
Polly
November Rain
Hurt
Plateau
The Beautiful People
Hell Bent for Leather
Albatross
Pennyroyal Tea
Dancing with Tears in My Eyes
School
Cold Gin
Supernaut
Dumb
All Apologies
 
Answer Stats
Answer % Correct
All Apologies
100%
Come As You Are
100%
Dumb
100%
Heart-Shaped Box
100%
In Bloom
100%
Lithium
100%
Pennyroyal Tea
100%
About a Girl
95%
Polly
95%
Something in the Way
95%
Breed
91%
On a Plain
86%
Scentless Apprentice
82%
School
77%
Sliver
77%
Plateau
64%
No matching quizzes found
Score Distribution
Percent of People with Each Score
Percentile by Number Answered
Your Score History
You have not taken this quiz since the last reset